| 000 | 00933cam a2200277 i 4500 | ||
|---|---|---|---|
| 001 | 25610 | ||
| 003 | Mx-PuUPA | ||
| 005 | 20250521091812.0 | ||
| 008 | 140415s2001 sp gr 000 0 spa d | ||
| 017 | _aNa 2.345-2001 | ||
| 020 | _a8431318988 | ||
| 040 |
_aMx-PuUPA _bspa _cMx-PuUPA _dMx-PuUPA _erda |
||
| 041 | _aspa | ||
| 100 | 1 |
_aQuevedo, Amalia _eautor |
|
| 245 | 1 | 0 |
_a De Foucault a Derrida _bpasando fugazmente por Deleuze y Guattari, Lyotard, Baudrillard / _cAmalia Quevedo |
| 250 |
_aPrimera edición / _bseptiembre |
||
| 264 | 1 |
_aEspaña : _bEdiciones Universidad de Navarra, _c©2001 |
|
| 300 |
_a269 páginas ; _c22 cm |
||
| 336 |
_2rdacontent _atexto _btxt |
||
| 337 |
_2rdamedia _asin medio _bn |
||
| 338 |
_2rdacarrier _avolumen _bnc |
||
| 490 | 0 |
_aFilosofía ; _v296 |
|
| 942 |
_2ddc _cLI _hxx _iQ3 _n |
||
| 999 |
_c25610 _d25610 |
||